000 00349 a2200157 4500
001 68090
020 _a9783126765404
040 _cAnchieta - Pituba
100 _aMotta, Giorgio
240 1 0 _aDeutsch echt einfach B1
_ldeu / ger
245 1 0 _aDeutsch echt einfach B1
300 _a48
362 0 _a2018
650 4 _aLíngua alemã
942 _cBK
999 _c68090
_d68090